<?xml version="1.0" encoding="UTF-8"?>
<record
    xmlns:xsi="http://www.w3.org/2001/XMLSchema-instance"
    xsi:schemaLocation="http://www.loc.gov/MARC21/slim http://www.loc.gov/standards/marcxml/schema/MARC21slim.xsd"
    xmlns="http://www.loc.gov/MARC21/slim">

  <leader>01838    a2200229   4500</leader>
  <controlfield tag="001">141</controlfield>
  <controlfield tag="005">20260407155413.0</controlfield>
  <controlfield tag="008">260407a2008    arg                 spa d</controlfield>
  <controlfield tag="003">AR-UNSa-BCEJYS</controlfield>
  <datafield tag="040" ind1=" " ind2=" ">
    <subfield code="a">AR-UNSa-BCEJYS</subfield>
    <subfield code="b">spa</subfield>
    <subfield code="c">AR-UNSa-BCEJYS</subfield>
  </datafield>
  <datafield tag="080" ind1=" " ind2=" ">
    <subfield code="a">347.72.036</subfield>
    <subfield code="x">Representaci&#xF3;n y administraci&#xF3;n de la compa&#xF1;&#xED;a. Junta general anual. Administradores. Delegados. S&#xED;ndicos. Directores. Fiduciarios</subfield>
  </datafield>
  <datafield tag="245" ind1="1" ind2="0">
    <subfield code="a">Responsabilidad</subfield>
    <subfield code="p">directores, socios, s&#xED;ndicos</subfield>
  </datafield>
  <datafield tag="020" ind1=" " ind2=" ">
    <subfield code="a">978-987-01-0801-6</subfield>
  </datafield>
  <datafield tag="264" ind1=" " ind2="1">
    <subfield code="a">Buenos Aires :</subfield>
    <subfield code="b">Errepar</subfield>
    <subfield code="c">2008</subfield>
  </datafield>
  <datafield tag="300" ind1=" " ind2=" ">
    <subfield code="a">270 p.</subfield>
    <subfield code="c">27 cm.</subfield>
  </datafield>
  <datafield tag="505" ind1=" " ind2=" ">
    <subfield code="a">1. Caracter&#xED;stica de la funci&#xF3;n directorial - 2 .El funcionamiento del directorio - 3. Votaci&#xF3;n de los directores - 4. Prohibici&#xF3;n e incompatibilidad para ser director - 5. Acci&#xF3;n de responsabilidad de administradores - 6. Estado actual en al extensi&#xF3;n de responsabilidad en materia laboral de socios y directores luego del fallo "Palomeque" - 7. Extensi&#xF3;n de quiebra a socios con responsabilidad ilimitada y administradores - 8. Responsabilidad del director - 9. Administraci&#xF3;n fraudulenta del administrador - 10. Procesamiento de directores por quiebra fraudulenta de la sociedad - 11. Renumeraci&#xF3;n del directorio - 12. Imputaci&#xF3;n de delito al socio director o gerente por omisi&#xF3;n de depositar aportes y contribuciones - 13. Imputaciones a directivos societarios por evasi&#xF3;n previsional en t&#xE9;rminos de la Ley Penal Tributaria - 14. Director empleado en una sociedad an&#xF3;nima y su eventual relaci&#xF3;n dependiente - 15. Nombramiento y cesaci&#xF3;n de administradores...</subfield>
  </datafield>
  <datafield tag="041" ind1=" " ind2=" ">
    <subfield code="a">spa</subfield>
  </datafield>
  <datafield tag="942" ind1=" " ind2=" ">
    <subfield code="c">BK</subfield>
  </datafield>
  <datafield tag="590" ind1=" " ind2=" ">
    <subfield code="a">niveau_biblio:m niveau_hierar:0</subfield>
  </datafield>
  <datafield tag="100" ind1="1" ind2=" ">
    <subfield code="a">Perciavalle, Marcelo L.</subfield>
  </datafield>
  <datafield tag="856" ind1="4" ind2="1">
    <subfield code="u">https://biblioeco.unsa.edu.ar/pmb/images/libros/Respnsabilidad-directores-socios-sindicos2-l117404.jpg</subfield>
    <subfield code="y">Imagen de portada</subfield>
    <subfield code="q">image/jpeg</subfield>
  </datafield>
  <datafield tag="999" ind1=" " ind2=" ">
    <subfield code="c">110</subfield>
    <subfield code="d">110</subfield>
  </datafield>
  <datafield tag="952" ind1=" " ind2=" ">
    <subfield code="0">0</subfield>
    <subfield code="1">0</subfield>
    <subfield code="4">0</subfield>
    <subfield code="7">0</subfield>
    <subfield code="a">BCEJYS</subfield>
    <subfield code="b">BCEJYS</subfield>
    <subfield code="c">16</subfield>
    <subfield code="d">2026-04-07</subfield>
    <subfield code="l">0</subfield>
    <subfield code="o">347.72.036 P429</subfield>
    <subfield code="p">L117404</subfield>
    <subfield code="r">2026-04-07 15:54:13</subfield>
    <subfield code="w">2026-04-07</subfield>
    <subfield code="y">L</subfield>
  </datafield>
</record>
